000 00737nam a2200277 a 4500
003 AR-BaBNM
005 20251128202837.0
008 082120s2002 ||||||||||||||000 | spa||
040 _cAR-BaBNM
100 1 _aCarriego, Evaristo
245 0 0 _aPoesías completas
260 _aBuenos Aires
_bJackson
_c1953
300 _axxvii, 271 p.
490 0 _aGrandes Escritores Argentinos
_vv. 50
500 _aContiene biografía del autor
650 4 _aLITERATURA ARGENTINA
650 4 _aPOESIA
650 4 _aLITERATURA POPULAR
651 4 _aBuenos Aires [Provincia]
653 _aTANGO
655 _aLITERATURA
700 1 _aCapdevila, Arturo
_eprologuista
800 1 _aPalcos, Alfredo
_edirector
942 _cBK
998 _cisola
999 _c853
_d853